Missing Word: 'LL' Movies Quiz Stats

 Plays Quiz Updated Sep 3, 2019

Score 0/20 Timer 04:00
1 Play Today
Movie Missing Word % Correct
To ___ a MockingbirdKill
98.7%
Million ___ BabyDollar
98.5%
Good ___ HuntingWill
98.2%
The Wolf of ___ StreetWall
97.9%
___ Quiet on the Western FrontAll
97.8%
Slumdog ___Millionaire
96.3%
Raging ___Bull
95.5%
For Whom the ___ TollsBell
95%
The ___ MontyFull
93.4%
Cloudy with a Chance of ___Meatballs
93.3%
Movie Missing Word % Correct
___, Dolly!Hello
90.6%
Annie ___Hall
88.1%
___ Buyers ClubDallas
85.9%
Three ___ Outside Ebbing, MissouriBillboards
78.1%
___ 13Apollo
75.6%
How Green Was My ___Valley
75.1%
A ___ to ArmsFarewell
74.6%
Jurassic World: ___ KingdomFallen
49.5%
Ice Age: ___ CourseCollision
42.9%
Spirit: ___ of the CimarronStallion
24.3%

Today's Daily Dose

Missing Word
Sherlocks

Word Ladder
King of the Hill

Quick Pick
Songs in Pink

Get the Picture
NBA Teammates

You're not logged in!

Compare scores with friends on all Sporcle quizzes.
OR
Log In

Sporcle TV

Today on Sporcle TV


Watch our educational content, quiz creation guides, and fun videos on Sporcle TV.

Show Comments

Extras

Top Quizzes Today


Score Distribution

Your Account Isn't Verified!

In order to create a playlist on Sporcle, you need to verify the email address you used during registration. Go to your Sporcle Settings to finish the process.

Report this User

Report this user for behavior that violates our Community Guidelines.

Details: